Apuntes sobre el sindicalismo /

Shranjeno v:
Bibliografske podrobnosti
Glavni avtor: González Henriquez, Simeón Emilio
Format: Texto
Oznake: Označite
Brez oznak, prvi označite!

MARC

LEADER 00000 a a2200000 04500
001 5057
003
040
100 |a González Henriquez, Simeón Emilio  
245 |a Apuntes sobre el sindicalismo /  |c Simeón Emilio González Henriquez 
773 |g número 67; páginas 34-39  
999 |c 24748  |d 24748